[Event "Feffernitz Raika op 21st"]
[Site "Feffernitz"]
[Date "2012.08.26"]
[Round "9"]
[White "Blaznik, Vojko"]
[Black "Gallob, Josef"]
[Result "1/2-1/2"]
[WhiteElo "1645"]
[BlackElo "1891"]
[PlyCount "42"]
[EventDate "2012.08.19"]
[EventType "swiss"]
[EventRounds "9"]
[EventCountry "AUT"]
[SourceTitle "CBM 150 Extra"]
[Source "ChessBase"]
[SourceDate "2012.10.19"]
[SourceVersion "1"]
[SourceVersionDate "2012.10.19"]
[SourceQuality "1"]

1. d4 Nf6 2. c4 g6 3. Nc3 Bg7 4. Nf3 d6 5. g3 0-0 6. Bg2 Nbd7 7. 0-0 c6 8. Re1 Qc7 9. e4 e5 10. d5 c5 11. a3 a6 12. Bf1 Re8 13. b4 b6 14. b5 a5 15. a4 Nf8 16. Kg2 Bd7 17. Ra2 Qc8 18. Ng1 h6 19. Bd3 g5 20. h3 Ng6 21. Qe2 Rf8 1/2-1/2

[Event "Feffernitz Raika op 21st"]
[Site "Feffernitz"]
[Date "2012.08.21"]
[Round "4"]
[White "Gallob, Josef"]
[Black "Kock, Hans Uwe"]
[Result "0-1"]
[WhiteElo "1891"]
[BlackElo "2060"]
[PlyCount "56"]
[EventDate "2012.08.19"]
[EventType "swiss"]
[EventRounds "9"]
[EventCountry "AUT"]
[SourceTitle "CBM 150 Extra"]
[Source "ChessBase"]
[SourceDate "2012.10.19"]
[SourceVersion "1"]
[SourceVersionDate "2012.10.19"]
[SourceQuality "1"]

1. Nf3 Nf6 2. g3 g6 3. Bg2 Bg7 4. d3 d6 5. 0-0 0-0 6. e4 e5 7. Nbd2 Nc6 8. c3 Ne8 9. Nc4 Bg4 10. Ne3 Bd7 11. Nd5 Kh8 12. Bd2 Ne7 13. Nxe7 Qxe7 14. Qc1 f6 15. Bh6 g5 16. Bxg7+ Qxg7 17. h3 Rg8 18. Nh2 Qg6 19. Qd1 h5 20. g4 hxg4 21. Nxg4 Rg7 22. Qf3 Rh7 23. Ne3 Rh4 24. Nf5 Rf4 25. Qe2 Ng7 26. Bf3 Nxf5 27. exf5 Bxf5 28. Bh5 Qh7 0-1

[Event "Feffernitz Raika op 20th"]
[Site "Feffernitz"]
[Date "2011.08.21"]
[Round "2"]
[White "Gallob, Josef"]
[Black "Jandke, Manfred"]
[Result "1/2-1/2"]
[WhiteElo "1900"]
[BlackElo "2163"]
[PlyCount "58"]
[EventDate "2011.08.21"]
[EventType "swiss"]
[EventRounds "9"]
[EventCountry "AUT"]
[SourceTitle "CBM 144 Extra"]
[Source "ChessBase"]
[SourceDate "2011.10.28"]
[SourceVersion "1"]
[SourceVersionDate "2011.10.28"]
[SourceQuality "1"]

1. Nf3 Nf6 2. c4 c5 3. Nc3 g6 4. d4 cxd4 5. Nxd4 Bg7 6. e4 d6 7. Be2 Nc6 8. Be3 Bd7 9. 0-0 0-0 10. Qd2 Rc8 11. f3 a6 12. Kh1 h5 13. Nxc6 Rxc6 14. Rac1 Kh7 15. Rfd1 Qa5 16. c5 Be6 17. Nd5 Qxd2 18. Rxd2 Bxd5 19. exd5 Rcc8 20. c6 e6 21. dxe6 fxe6 22. Rxd6 bxc6 23. Rdxc6 Rxc6 24. Rxc6 Nd5 25. Bc5 Rd8 26. Bxa6 Nb4 27. Rd6 Rxd6 28. Bxd6 Nxa6 29. b4 Bd4 1/2-1/2

[Event "Feffernitz Raika op 19th"]
[Site "Feffernitz"]
[Date "2010.08.27"]
[Round "7"]
[White "Andre, Jonas"]
[Black "Gallob, Josef"]
[Result "1/2-1/2"]
[WhiteElo "1589"]
[BlackElo "1922"]
[PlyCount "30"]
[EventDate "2010.08.22"]
[EventType "swiss"]
[EventRounds "9"]
[EventCountry "AUT"]
[SourceTitle "CBM 138 Extra"]
[Source "ChessBase"]
[SourceDate "2010.10.29"]
[SourceVersion "1"]
[SourceVersionDate "2010.10.29"]
[SourceQuality "1"]

1. e4 d6 2. d4 Nf6 3. Nc3 g6 4. f3 Bg7 5. Be3 c6 6. Qd2 Nbd7 7. 0-0-0 b5 8. Bh6 Bxh6 9. Qxh6 Qa5 10. Kb1 b4 11. Nce2 Ba6 12. Nc1 Bxf1 13. Rxf1 Qb5 14. Nh3 Nb6 15. Nb3 a5 1/2-1/2

[Event "St Veit op-B 29th"]
[Site "St Veit"]
[Date "2010.07.18"]
[Round "9"]
[White "Gallob, Josef"]
[Black "Imarah, Paul"]
[Result "1/2-1/2"]
[WhiteElo "1922"]
[BlackElo "2074"]
[PlyCount "87"]
[EventDate "2010.07.10"]
[EventType "swiss"]
[EventRounds "9"]
[EventCountry "AUT"]
[SourceTitle "EXT 2011"]
[Source "ChessBase"]
[SourceDate "2010.11.26"]
[SourceVersion "1"]
[SourceVersionDate "2010.11.26"]
[SourceQuality "1"]

1. Nf3 Nf6 2. c4 c5 3. Nc3 d5 4. cxd5 Nxd5 5. g3 Nc6 6. Bg2 e6 7. 0-0 Be7 8. d3 0-0 9. Bd2 a6 10. Rc1 b5 11. a3 Bb7 12. Ne4 Qb6 13. Qc2 Nd4 14. Nxd4 cxd4 15. b4 Rfc8 16. Qb2 Nf6 17. Nxf6+ Bxf6 18. Rxc8+ Rxc8 19. Bxb7 Qxb7 20. Rc1 e5 21. Rxc8+ Qxc8 22. Qc1 Qxc1+ 23. Bxc1 Bd8 24. Bd2 f5 25. h4 Kf7 26. Kg2 e4 27. Kh3 Bf6 28. f3 Ke6 29. fxe4 fxe4 30. Kg4 e3 31. Be1 g6 32. h5 gxh5+ 33. Kxh5 Kf5 34. g4+ Kf4 35. Bh4 Bg7 36. Be1 Bf8 37. Kh4 Be7+ 38. Kh3 Ke5 39. Bg3+ Ke6 40. Be1 Kd5 41. Kg3 a5 42. Kf3 h6 43. Kf4 axb4 44. Bxb4 1/2-1/2

[Event "St Veit op-B 29th"]
[Site "St Veit"]
[Date "2010.07.16"]
[Round "7"]
[White "Gallob, Josef"]
[Black "Widowitz, Josef"]
[Result "1/2-1/2"]
[WhiteElo "1922"]
[BlackElo "2029"]
[PlyCount "39"]
[EventDate "2010.07.10"]
[EventType "swiss"]
[EventRounds "9"]
[EventCountry "AUT"]
[SourceTitle "EXT 2011"]
[Source "ChessBase"]
[SourceDate "2010.11.26"]
[SourceVersion "1"]
[SourceVersionDate "2010.11.26"]
[SourceQuality "1"]

1. Nf3 Nf6 2. c4 g6 3. Nc3 Bg7 4. d4 0-0 5. e4 d6 6. Be2 Nbd7 7. 0-0 e5 8. h3 exd4 9. Nxd4 Re8 10. f3 Nh5 11. Rf2 Nc5 12. Bf1 Qh4 13. Be3 Be5 14. Qd2 Nf4 15. Nce2 Nxe2+ 16. Nxe2 Qe7 17. Rc1 Bg7 18. Bd4 Bxd4 19. Qxd4 Bd7 20. Nc3 1/2-1/2

[Event "Bled op Seniors 25th"]
[Site "Bled"]
[Date "2008.02.29"]
[Round "8"]
[White "Gallob, Josef"]
[Black "Saradjen, Janko"]
[Result "1/2-1/2"]
[WhiteElo "1932"]
[BlackElo "2146"]
[PlyCount "49"]
[EventDate "2008.02.23"]
[EventType "swiss"]
[EventRounds "9"]
[EventCountry "SLO"]
[SourceTitle "CBM 122 Extra"]
[Source "ChessBase"]
[SourceDate "2008.03.04"]
[SourceVersion "1"]
[SourceVersionDate "2008.03.04"]
[SourceQuality "1"]

1. Nf3 Nf6 2. c4 g6 3. Nc3 Bg7 4. g3 0-0 5. Bg2 d5 6. cxd5 Nxd5 7. Qb3 Nb6 8. d3 Nc6 9. 0-0 Bg4 10. Be3 Rb8 11. Rab1 Be6 12. Qd1 Nd5 13. Nxd5 Qxd5 14. b3 Qa5 15. Qd2 Bc3 16. Qc2 Bf6 17. Rfc1 Rbc8 18. Qd2 Qa6 19. Ng5 Nd4 20. Ne4 Qb6 21. Nxf6+ exf6 22. Bxd4 Qxd4 23. Bxb7 Rb8 24. Bf3 Qe5 25. d4 1/2-1/2

[Event "Bled op 24th"]
[Site "Bled"]
[Date "2003.07.14"]
[Round "1"]
[White "Gallob, Josef"]
[Black "Nikolov, Sasho"]
[Result "0-1"]
[WhiteElo "1930"]
[BlackElo "2399"]
[PlyCount "56"]
[EventDate "2003.07.14"]
[EventType "swiss"]
[EventRounds "9"]
[EventCountry "SLO"]
[SourceTitle "CBM 095 Extra"]
[Source "ChessBase"]
[SourceDate "2003.09.04"]
[SourceVersion "1"]
[SourceVersionDate "2003.09.04"]
[SourceQuality "1"]

1. Nc3 d5 2. e4 dxe4 3. Nxe4 Nd7 4. Bc4 Ndf6 5. Ng5 e6 6. N1f3 Nh6 7. d4 c5 8. 0-0 a6 9. a4 cxd4 10. Nxd4 Bc5 11. c3 0-0 12. h3 Qc7 13. Qe2 Bxd4 14. cxd4 Nf5 15. Be3 Bd7 16. Rac1 Qd6 17. Nf3 Bxa4 18. g4 Nxe3 19. Qxe3 Rad8 20. b3 Bc6 21. Rfd1 Nd5 22. Bxd5 Qxd5 23. Rd3 h6 24. Rc5 Qxf3 25. Qxf3 Bxf3 26. Rxf3 Rxd4 27. Rc7 Rb4 28. Kg2 g5 0-1

[Event "Ljubljana op 13th"]
[Site "Ljubljana"]
[Date "2002.06.24"]
[Round "3"]
[White "Lekic, Dusan"]
[Black "Gallob, Josef"]
[Result "1-0"]
[WhiteElo "2410"]
[BlackElo "2054"]
[PlyCount "31"]
[EventDate "2002.06.22"]
[EventType "swiss"]
[EventRounds "9"]
[EventCountry "SLO"]
[SourceTitle "CBM 088 Extra"]
[Source "ChessBase"]
[SourceDate "2002.07.01"]
[SourceVersion "2"]
[SourceVersionDate "2002.07.01"]
[SourceQuality "1"]

1. e4 Nc6 2. Nf3 d6 3. d4 g6 4. d5 Ne5 5. Nxe5 dxe5 6. Bd3 Bg7 7. c4 e6 8. Nc3 exd5 9. cxd5 Ne7 10. 0-0 0-0 11. Be3 c6 12. Bc4 Bd7 13. Qd2 cxd5 14. Nxd5 Rc8 15. Bg5 Rxc4 16. Nxe7+ 1-0